|
|
|
|
| LEADER |
01316nam a22003734a 4500 |
| 001 |
EBC201740 |
| 003 |
MiAaPQ |
| 005 |
20200520144314.0 |
| 006 |
m o d | |
| 007 |
cr cn||||||||| |
| 008 |
111219s2001 enka s 000 0 eng |
| 010 |
|
|
|z 00036293
|
| 020 |
|
|
|z 0521623995 (hardback)
|
| 020 |
|
|
|z 0521625343 (pbk.)
|
| 035 |
|
|
|a (MiAaPQ)EBC201740
|
| 035 |
|
|
|a (Au-PeEL)EBL201740
|
| 035 |
|
|
|a (CaPaEBR)ebr10001891
|
| 035 |
|
|
|a (CaONFJC)MIL41897
|
| 035 |
|
|
|a (OCoLC)559395006
|
| 040 |
|
|
|a MiAaPQ
|c MiAaPQ
|d MiAaPQ
|
| 050 |
|
4 |
|a GN281.4
|b .O35 2001
|
| 082 |
0 |
4 |
|a 306.3/093
|2 21
|
| 100 |
1 |
|
|a Ofek, Haim,
|d 1936-
|
| 245 |
1 |
0 |
|a Second nature
|h [electronic resource] :
|b economic origins of human evolution /
|c Haim Ofek.
|
| 260 |
|
|
|a Cambridge, U.K. ;
|a New York :
|b Cambridge University Press,
|c 2001.
|
| 300 |
|
|
|a 254 p. :
|b ill.
|
| 533 |
|
|
|a Electronic reproduction. Ann Arbor, MI : ProQuest, 2015. Available via World Wide Web. Access may be limited to ProQuest affiliated libraries.
|
| 650 |
|
0 |
|a Human evolution.
|
| 650 |
|
0 |
|a Economics, Prehistoric.
|
| 650 |
|
0 |
|a Commerce, Prehistoric.
|
| 650 |
|
0 |
|a Economic history.
|
| 655 |
|
4 |
|a Electronic books.
|
| 710 |
2 |
|
|a ProQuest (Firm)
|
| 856 |
4 |
0 |
|u https://ebookcentral.proquest.com/lib/matrademy/detail.action?docID=201740
|z Click to View
|